01367nam a2200265 a 450000100060000000300080000600500170001400800410003103500190007204000370009104100080012808200220013624501850015825000110034326000390035430000260039350501370041965000230055670000730057994200120065299900170066495201420068195201420082395201360096569390BD-RjUL20211209081859.0820106s1955 enka 000 0 eng  a(BD-RjUL)69601 aDLCcNjTSdUkdDLCdBD-RjULbeng aeng 223a910bGOE 195510aGeography and man :ba practical survey of the life and work of man in relation to his natural environment /cadvisory editor: W. G. V. Balchin, assisted by 75 eminent authorities. a2d ed. aLondon :bNew Era Pub. Co.,c1955. av. :bill. ;c28 cm.0 av. 1. The heritage of man. Europe.--v. 2. The British Isles. Asia. Africa.--v. 3. The Ameicas. Australasia. Man's work and industry. 0aGeography.92055721 aBalchin, W. G. V.q(William George Victor),d1916-2007,eed.9205573 2ddccBK c69390d69390 00102ddc40718NFICaRUCLbRUCLcReadingd1959-01-07eCentury Bookg0.00l0o910 GOE V-1 1955r2017-04-11 00:00:00tC-1w2017-04-11yBK 00102ddc40718NFICaRUCLbRUCLcReadingd1959-01-07eCentury Bookg0.00l0o910 GOE V-2 1955r2017-04-11 00:00:00tC-1w2017-04-11yBK 00102ddc40718NFICaRUCLbRUCLcReadingd1959-01-07eColombo Planl0o910 GOE V-3 1955r2017-05-25 00:00:00tC-1w2017-05-25yBK